书目信息 |
| 题名: |
几何绕射理论
|
|
| 作者: | 汪茂光 主编 | |
| 分册: | ||
| 出版信息: | 西安 西北电讯工程学院出版社 1985 |
|
| 页数: | 214页 | |
| 开本: | 26cm | |
| 丛书名: | ||
| 单 册: | ||
| 中图分类: | TN011 | |
| 科图分类: | ||
| 主题词: | 几何光学--高等学校--教材 , 电波传播--高等学校--教材 | |
| 电子资源: | ||
| ISBN: | ||
| 000 | 00723nam0 2200265 45 | |
| 001 | 0185020760 | |
| 005 | 20040520103406.6 | |
| 010 | @dCNY2.90 | |
| 091 | @a15322.23 | |
| 100 | @a19900921d1985 em y0chiy0121 ea | |
| 101 | 0 | @achi |
| 102 | @aCN@b610000 | |
| 105 | @ay z 000yy | |
| 106 | @ar | |
| 200 | 10 | @a几何绕射理论@Aji he rao she li lun@f汪茂光主编 |
| 210 | @a西安@c西北电讯工程学院出版社@d1985 | |
| 215 | @a214页@d26cm | |
| 300 | @a高等学校教材 | |
| 606 | @a几何光学@x高等学校@x教材 | |
| 606 | @a电波传播@x高等学校@x教材 | |
| 690 | @aTN011@v3 | |
| 701 | 0 | @a汪茂光@Awang mao guang@4主编 |
| 801 | 0 | @aCN@b深圳图书馆@c20040520 |
| 801 | 2 | @aCN@bNLC@c20040520 |
| 905 | @f1@b165024@f1@b216513@dTN011@e40 | |
| 几何绕射理论/汪茂光主编.-西安:西北电讯工程学院出版社,1985 |
| 214页;26cm |
| 高等学校教材 |
| ISBN :CNY2.90 |
| ● |
| 相关链接 |
|
|
|
|
正题名:几何绕射理论
索取号:TN011/40
 
预约/预借
| 序号 | 登录号 | 条形码 | 馆藏地/架位号 | 状态 | 备注 |
| 1 | 0165024 | 001349188 | 第三借阅区/ [索取号:TN011/40] | 在馆 | |
| 2 | 0216513 | 001349222 | 第二样本阅览室/ [索取号:TN011/40] | 在馆 |